| 000 | 01912nam0a2200325 4500 | ||
|---|---|---|---|
| 001 | RU\NLR\bibl\1227923 | ||
| 005 | 20260407101643.0 | ||
| 010 |
_a978-5-8064-1306-3 _9500 |
||
| 021 |
_aRU _b2008-22110 _91210 |
||
| 035 | _a(NLR Aleph) 001214218 | ||
| 090 |
_a97432 _c97432 |
||
| 100 | _a20080516d2007 |||y0rusy50 ca | ||
| 101 | 0 | _arus | |
| 102 | _aRU | ||
| 105 | _ay ||||||||| | ||
| 200 | 1 |
_aТехнологии управления образовательными системами _eучебно-методический комплекс _eдля студентов высших учебных заведений, обучающихся по направлениям педагогического образования _fРос. гос. пед. ун-т им. А.И. Герцена _g[д.п.н., проф. С.Ю. Трапицын и др. _gд.п.н., проф. С.Ю. Трапицын (отв. ред.)] |
|
| 210 |
_aСанкт-Петербург _cИзд-во РГПУ _d2007 |
||
| 215 |
_a234 с. _d20 |
||
| 225 | 1 | _aИнновационная образовательная программа Герценовского университета | |
| 320 | _aБиблиогр. в конце учеб. прогр. и в тексте | ||
| 606 | 1 |
_aОбразование _jУчебно-методические пособия для высших учебных заведений _xУправление _92296673 _3RU\NLR\auth\661375211 |
|
| 686 | _aЧ34к.я73 | ||
| 702 | 1 |
_aТрапицын _bС. Ю. _gСергей Юрьевич _4220 |
|
| 712 | 0 | 2 |
_4570 _aРоссийский государственный педагогический университет им. А. И. Герцена _cСанкт-Петербург _9353794 _3RU\NLR\AUTH\889929136 |
| 801 | 0 |
_aRU _bNLR _c20080516 _gRCR |
|
| 801 | 1 |
_aRU _bNLR _c20080516 |
|
| 830 | _aсост. по эк | ||
| 942 | _cBOOK | ||
| 980 | _aNB | ||